It looks like you're offline.
Open Library logo
additional options menu

MARC Record from Scriblio

Record ID marc_records_scriblio_net/part23.dat:141951103:729
Source Scriblio
Download Link /show-records/marc_records_scriblio_net/part23.dat:141951103:729?format=raw

LEADER: 00729cam 2200241 a 4500
001 93086245
003 DLC
005 19950831145517.4
008 931203s1993 inua 001 0 eng
010 $a 93086245
020 $a156529467X :$c$34.95 ($43.95 Can.)
040 $aDLC$cDLC$dDLC
050 00 $aTK7887.5$b.M84 1993
082 00 $a621.39/16$220
100 1 $aMueller, Scott.
245 10 $aUpgrading and repairing PCs /$cScott Mueller.
250 $a3rd ed.
260 $aCarmel, IN :$bQue Corp.,$cc1993.
300 $axxviii, 1254 p. :$bill. ;$c23 cm.
500 $aIncludes index.
650 0 $aMicrocomputers$xMaintenance and repair.
650 0 $aMicrocomputers$xEquipment and supplies.
650 0 $aMicrocomputers$xUpgrading.